Encyclopedia of soils in the environment / (Record no. 332489)

000 -LEADER
fixed length control field 02207cam a22005057a 4500
001 - CONTROL NUMBER
control field 13533252
003 - CONTROL NUMBER IDENTIFIER
control field NUST
005 - DATE AND TIME OF LATEST TRANSACTION
control field 20171208144539.0
008 - FIXED-LENGTH DATA ELEMENTS--GENERAL INFORMATION
fixed length control field 040322t20042005enkab be 000 0 eng d
010 ## - LIBRARY OF CONGRESS CONTROL NUMBER
LC control number 2004104447
015 ## - NATIONAL BIBLIOGRAPHY NUMBER
National bibliography number GBA3-W6037
020 ## - INTERNATIONAL STANDARD BOOK NUMBER
International Standard Book Number 0123485304 (set)
020 ## - INTERNATIONAL STANDARD BOOK NUMBER
International Standard Book Number 0123485312 (v. 1)
020 ## - INTERNATIONAL STANDARD BOOK NUMBER
International Standard Book Number 0123485320 (v. 2)
020 ## - INTERNATIONAL STANDARD BOOK NUMBER
International Standard Book Number 0123485339 (v. 3)
020 ## - INTERNATIONAL STANDARD BOOK NUMBER
International Standard Book Number 0123485347 (v. 4)
035 ## - SYSTEM CONTROL NUMBER
System control number (OCoLC)ocm52486575
040 ## - CATALOGING SOURCE
Original cataloging agency UKM
Transcribing agency UKM
Modifying agency OHX
-- IQU
-- MUQ
-- BAKER
-- DLC
042 ## - AUTHENTICATION CODE
Authentication code lccopycat
050 00 - LIBRARY OF CONGRESS CALL NUMBER
Classification number S596
Item number .E53 2004
082 04 - DEWEY DECIMAL CLASSIFICATION NUMBER
Classification number 631.403 DAN
Edition number 21
245 00 - TITLE STATEMENT
Title Encyclopedia of soils in the environment /
Statement of responsibility, etc. Editor-in-chief, Daniel Hillel ; editors, Jerry L. Hatfield ... [et al.].
246 30 - VARYING FORM OF TITLE
Title proper/short title Soils in the environment
250 ## - EDITION STATEMENT
Edition statement 1st ed.
260 ## - PUBLICATION, DISTRIBUTION, ETC.
Place of publication, distribution, etc. Oxford, UK ;
-- Boston :
Name of publisher, distributor, etc. Elsevier/Academic Press,
Date of publication, distribution, etc. 2005 [i.e. 2004].
300 ## - PHYSICAL DESCRIPTION
Extent 4 v. :
Other physical details ill. (some col.), maps (some col.) ;
Dimensions 28 cm.
500 ## - GENERAL NOTE
General note H.B
504 ## - BIBLIOGRAPHY, ETC. NOTE
Bibliography, etc. note Includes bibliographical references and index.
505 0# - FORMATTED CONTENTS NOTE
Formatted contents note v. 1. A-Fa -- v. 2. Fe-M -- v. 3. N-Spa -- V. 4. Spa-Z. Index.
650 #0 - SUBJECT ADDED ENTRY--TOPICAL TERM
Topical term or geographic name entry element Soils
General subdivision Environmental aspects
Form subdivision Encyclopedias.
9 (RLIN) 7084
650 #0 - SUBJECT ADDED ENTRY--TOPICAL TERM
Topical term or geographic name entry element Soils
Form subdivision Encyclopedias.
9 (RLIN) 7085
650 #0 - SUBJECT ADDED ENTRY--TOPICAL TERM
Topical term or geographic name entry element Soil science
Form subdivision Encyclopedias.
9 (RLIN) 7086
650 #0 - SUBJECT ADDED ENTRY--TOPICAL TERM
Topical term or geographic name entry element Soil management
Form subdivision Encyclopedias.
9 (RLIN) 7087
650 #0 - SUBJECT ADDED ENTRY--TOPICAL TERM
Topical term or geographic name entry element Crops and soils
Form subdivision Encyclopedias.
9 (RLIN) 7088
650 #6 - SUBJECT ADDED ENTRY--TOPICAL TERM
Topical term or geographic name entry element Sols
General subdivision Aspect de l'environnement
Form subdivision Encyclopédies.
9 (RLIN) 7089
650 #6 - SUBJECT ADDED ENTRY--TOPICAL TERM
Topical term or geographic name entry element Sols
Form subdivision Encyclopédies.
9 (RLIN) 7090
650 #6 - SUBJECT ADDED ENTRY--TOPICAL TERM
Topical term or geographic name entry element Pédologie
Form subdivision Encyclopédies.
9 (RLIN) 7091
650 #6 - SUBJECT ADDED ENTRY--TOPICAL TERM
Topical term or geographic name entry element Sols
General subdivision Aménagement
Form subdivision Encyclopédies.
9 (RLIN) 7092
650 #6 - SUBJECT ADDED ENTRY--TOPICAL TERM
Topical term or geographic name entry element Cultures et sols
Form subdivision Encyclopédies.
9 (RLIN) 7093
700 1# - ADDED ENTRY--PERSONAL NAME
Personal name Hillel, Daniel.
9 (RLIN) 7094
700 1# - ADDED ENTRY--PERSONAL NAME
Personal name Hatfield, Jerry L.
9 (RLIN) 7095
856 42 - ELECTRONIC LOCATION AND ACCESS
Materials specified Book review (E-STREAMS)
Uniform Resource Identifier <a href="http://www.e-streams.com/es0806_7/es0867_4157.html">http://www.e-streams.com/es0806_7/es0867_4157.html</a>
856 42 - ELECTRONIC LOCATION AND ACCESS
Materials specified Publisher description
Uniform Resource Identifier <a href="http://www.loc.gov/catdir/enhancements/fy0619/2004104447-d.html">http://www.loc.gov/catdir/enhancements/fy0619/2004104447-d.html</a>
856 41 - ELECTRONIC LOCATION AND ACCESS
Materials specified Table of contents only
Uniform Resource Identifier <a href="http://www.loc.gov/catdir/enhancements/fy0619/2004104447-t.html">http://www.loc.gov/catdir/enhancements/fy0619/2004104447-t.html</a>
906 ## - LOCAL DATA ELEMENT F, LDF (RLIN)
a 7
b cbc
c copycat
d 2
e epcn
f 20
g y-gencatlg
942 ## - ADDED ENTRY ELEMENTS (KOHA)
Source of classification or shelving scheme
Koha item type Encyclopedia
Call number prefix IESE
Holdings
Withdrawn status Lost status Source of classification or shelving scheme Damaged status Not for loan Collection code Permanent Location Current Location Shelving location Date acquired Total Checkouts Full call number Barcode Date last seen Price effective from Koha item type
            Institute of Environmental Science and Engineering (IESE) Institute of Environmental Science and Engineering (IESE) Reference 12/08/2017   631.403 DAN IESE-1284 12/08/2017 12/08/2017 Encyclopedia
            Institute of Environmental Science and Engineering (IESE) Institute of Environmental Science and Engineering (IESE) Reference 12/08/2017   631.403 DAN IESE-1285 12/08/2017 12/08/2017 Encyclopedia
            Institute of Environmental Science and Engineering (IESE) Institute of Environmental Science and Engineering (IESE) Reference 12/08/2017   631.403 DAN IESE-1286 12/08/2017 12/08/2017 Encyclopedia
            Institute of Environmental Science and Engineering (IESE) Institute of Environmental Science and Engineering (IESE) Reference 12/08/2017   631.403 DAN IESE-1287 12/08/2017 12/08/2017 Encyclopedia
© 2023 Central Library, National University of Sciences and Technology. All Rights Reserved.